Estudios culturales: reencuentro entre modernidad y comunicación. La perspectiva de Jesús Martín-Barbero /
Se hace referencia a los estudios teóricos de cultura realizados en los años 80 llamados British Cultural Studies para reflexionar sobre la actual dificultad para definir nuevas clasificaciones teóricas-conceptuales. Se presenta un abordaje teórico sobre los estudios latinoamericanos de modernidad,...
Guardado en:
| Hovedforfatter: | |
|---|---|
| Format: | Texto |
| Fag: | |
| Tags: |
Tilføj Tag
Ingen Tags, Vær først til at tagge denne postø!
|
MARC
| LEADER | 00000 a a2200000 04500 | ||
|---|---|---|---|
| 001 | 13987 | ||
| 003 | |||
| 040 | |||
| 100 | |a Herlinghaus, Hermann | ||
| 245 | |a Estudios culturales: |b reencuentro entre modernidad y comunicación. La perspectiva de Jesús Martín-Barbero / |c Hermann Herlinghaus | ||
| 520 | |a Se hace referencia a los estudios teóricos de cultura realizados en los años 80 llamados British Cultural Studies para reflexionar sobre la actual dificultad para definir nuevas clasificaciones teóricas-conceptuales. Se presenta un abordaje teórico sobre los estudios latinoamericanos de modernidad, y para ello se retoma lo expuesto por Martín Barbero, que son los cuestionamientos sobre las convenciones disciplinarias partiendo específicamente de conceptos como modernidad y comunicación. En este trabajo también se señala que una autoinspección etnológica de la modernidad se está articulando hoy a través de una gama de perspectivas críticas, sin embargo las autoridades de conceptualizar las diferentes experiencias y dimensiones de la alteridad están desigualmente distribuidas./MSD | ||
| 650 | |a CULTURA | ||
| 650 | |a MODERNIZACION | ||
| 650 | |a GLOBALIZACION | ||
| 650 | |a COMUNICACION | ||
| 773 | |g número 10; páginas 63-77 | ||
| 999 | |c 25145 |d 25145 | ||
